000 01835cam a22004814i 4500
003 PE-LiUPU
005 20250731173306.0
008 150625s1999 sp rb 000 0 spa d
020 _a8481643092
035 _a(Sirsi) i9788481643091
040 _aPE-LiUPU
_bspa
_cPE-LiUPU
_erda
049 _aPRUA
082 0 4 _a296.09012
_bA45
_221
100 1 _aAlbertz, Rainer,
_eautor.
245 1 0 _aHistoria de la religión de Israel en tiempos del Antiguo Testamento :
_bde los comienzos hasta el final de la monarquía.
_n1 /
_cRainer Albertz.
264 1 _aMadrid :
_bTrotta,
_c1999.
300 _a451 páginas ;
_c22 centímetros.
336 _atext
_2rdacontent
337 _aunmediated
_2rdamedia
338 _avolume
_2rdacarrier
490 0 _aBiblioteca de Ciencias Biblicas y Orientales ;
_v1:1
504 _aIncluye referencias bibliográficas al pie de algunas páginas.
505 0 _aIntroducción -- Historia de la religión en la época -- premonárquica -- Historia de la religión en la época Monárquica.
526 _aSEG42
526 _aSEG41
526 _aSEG40
526 _aSEG39
526 _aP94
526 _aP87
526 _aP86
526 _aP85
526 _aP77
526 _aP76
526 _aP35
541 _g007-0017629;
650 0 4 _aJudaísmo
_xHistoria
_yca. 70 d. C.
650 0 4 _aJudíos
_xHistoria
_yca. 70 d. C.
942 _2ddc
_cBOOK
949 _a296.09012 A45 1
_wDEWEY
_c1
_i55904
_lCCODEBUL1
_mBUL
_r0
_sY
_tBOOK
_u2015-6-25
_xTEOLOGIA
_zUNKNOWN
_0COMPRA
_o.STAFF. Colección Teología
994 _aC0
_bPEPRU
596 _a1
999 _a296.09012 A45 1
_wDEWEY
_c44742
_i55904
_d44742
_e2018-10-4
_f2021-11-11
_g5
_lCCODEBUL1
_mBUL
_n3
_p35.00
_q6
_r0
_sY
_tBOOK
_u2015-6-25
_xTEOLOGIA
_PP35
_0COMPRA
_o.STAFF. Colección Teología
980 _81
_gALBERTO SANCHEZ Responsable de Automatización